000 00588cam a2200205 4500500
005 20260405002844.0
041 _afre
042 _adc
100 1 0 _aTenaillon, Nicolas
_eauthor
245 0 0 _aMultiplicités
260 _c2018.
500 _a36
690 _aDoute
690 _aJean-Clet Martin
690 _aMétaphysique
690 _aMultiplicités
690 _apaysage
786 0 _nPhilosophie magazine | 125 | 12 | 2018-12-01 | p. 56-56 | 1951-1787
856 4 1 _uhttps://shs.cairn.info/magazine-philosophie-magazine-2018-12-page-56?lang=fr&redirect-ssocas=7080
999 _c2061773
_d2061773